Historia del movimiento obrero (Record no. 57666)

MARC details
000 -LEADER
campo de control de longitud fija 00767nam a2200205 i 4500
001 - NÚMERO DE CONTROL
campo de control 57666
003 - IDENTIFICADOR DE NÚMERO DE CONTROL
campo de control ES-MaACL
005 - FECHA Y HORA DE LA ÚLTIMA TRANSACCIÓN
campo de control 20230906163623.0
007 - CAMPO FIJO DE DESCRIPCIÓN FÍSICA--INFORMACIÓN GENERAL
campo de control de longitud fija t|
008 - DATOS DE LONGITUD FIJA--INFORMACIÓN GENERAL
campo de control de longitud fija 031017s1969 sp ||||1| spa d
100 1# - ENTRADA PRINCIPAL--NOMBRE DE PERSONA
Nombre de persona Dolléans, Edouard.
9 (RLIN) 45030
245 10 - MENCIÓN DEL TÍTULO
Título Historia del movimiento obrero
Resto del título : 1830-1968 /
Mención de responsabilidad, etc. Edouard Dolléans ; [traducido por Diego Abad de Santillán].
260 ## - PUBLICACIÓN, DISTRIBUCIÓN, ETC.
Lugar de publicación, distribución, etc. [Algorta (Vizcaya) :
Nombre del editor, distribuidor, etc. Zero ;
Lugar de publicación, distribución, etc. Madrid :
Nombre del editor, distribuidor, etc. Fareso,
Fecha de publicación, distribución, etc. 1969]
300 ## - DESCRIPCIÓN FÍSICA
Extensión 3 v. ;
Dimensiones 20 cm.
505 8# - NOTA DE CONTENIDO CON FORMATO
Nota de contenido con formato Contiene: I. 1830-1871. 365 p. - II. 1871-1920. 341 p. - III. desde 1921 hasta nuestros días
650 04 - PUNTO DE ACCESO ADICIONAL DE MATERIA--TÉRMINO DE MATERIA
Término de materia o nombre geográfico como elemento de entrada Movimiento obrero-
Subdivisión de forma Historia.
9 (RLIN) 15217
700 1# - ENTRADA AGREGADA--NOMBRE PERSONAL
Nombre de persona Abad de Santillán, Diego,
Fechas asociadas al nombre 1897-1983
9 (RLIN) 17923
852 ## - LOCALIZACIÓN
Ubicación ES-MaACL
Número de control de estantería C-55297-9
Sublocalización o colección R.71122
Holdings
Estatus retirado Estado de pérdida Estado de daño No para préstamo Biblioteca de origen Biblioteca actual Ubicación en estantería Fecha de adquisición Fuente de adquisición Total de préstamos Signatura topográfica completa Código de barras Visto por última vez Precio de reemplazo Tipo de ítem Koha
        Biblioteca del Ateneo de Madrid Biblioteca del Ateneo de Madrid Depósito 2 17/01/2008     C-55297-9 1060534 23/02/2023 23/02/2023 Libro impreso